• 首页
  • 本馆介绍
  • 公告通知
  • 最新文献
  • 馆藏检索
  • 电子资源
  • 读者导购
  • 参考咨询
  • 我的图书馆
  • 登录
  • 详细信息显示
  • 放入我的书架
  • 预约/预借图书
  • 作者相关作品
  • 分类相关作品
  • 丛书相关作品
  • 出版社相关作品

书目信息

  • 表格格式
  • 工作单格式
  • 卡片格式
题名:
交往心理与交往技巧
    
 
作者: 杜江先 著
分册:  
出版信息: 合肥   安徽人民出版社  1999
页数: 249页
开本: 20cm
丛书名: 心理阶梯丛书
单 册:
中图分类: C912.1 , B84
科图分类:
主题词: 心理交往--社会心理学 , 心理学
电子资源:
ISBN: 7-212-01609-8
000 00696nam2 2200253 450
001 1554936673
005 20150124151633.17
010    @a7-212-01609-8@dCNY11.00
100    @a20021005d1999 em y0chiy0110 ea
101 0  @achi
102    @aCN@b340000
105    @ay z 000yy
200 1  @a交往心理与交往技巧@9jiao wang xin li yu jiao wang ji qiao@f杜江先著
210    @a合肥@c安徽人民出版社@d1999
215    @a249页@d20cm
225 2  @a心理阶梯丛书
461  0 @12001 @a心理阶梯丛书
606 0  @a心理交往@x社会心理学
606 0  @a心理学
690    @aC912.1@v5
690    @aB84@v4
701  0 @a杜江先@9du jiang xian@f(1965~)@4著
801  0 @aCN@bTSSF@c20150115
905    @aZUCC@dB84@eJY31
    
    交往心理与交往技巧/杜江先著.-合肥:安徽人民出版社,1999
    249页;20cm.-(心理阶梯丛书)
    
    
    ISBN 7-212-01609-8:CNY11.00
    
●
相关链接 在E读中查询图书 在五车中查询图书 在当当中查询图书 在豆瓣中查询图书


正题名:交往心理与交往技巧     索取号:B84/JY31         预约/预借

序号 登录号 条形码 馆藏地/架位号 状态 备注
1 7846068   278460684   学院路分馆/ [索取号:B84/JY31] 在馆    
唐山师范学院图书馆 欢迎您!
大连网信软件有限公司© 版权所有